|
|
|
|
| LEADER |
00000nab a2200000 a 4500 |
| 001 |
vtls000897380 |
| 003 |
SK-MaSNL |
| 005 |
20260304133519.0 |
| 008 |
040720e19980430xo 0 slo |
| 035 |
|
|
|a KE6403
|
| 040 |
|
|
|a KEVKJB
|b slo
|c KEVKJB
|e AACR2
|
| 041 |
0 |
|
|a slo
|
| 044 |
|
|
|a xo
|c SK
|
| 080 |
|
|
|a 633
|2 1981
|
| 080 |
|
|
|a 929
|2 1981
|
| 100 |
1 |
|
|a Červínka, Jozef,
|d 1935-2011
|4 aut
|9 253536
|
| 245 |
1 |
0 |
|a Meditácia s Ganou
|b Bulhar má lásku k zelenine v srdci, v duši, v rukách
|
| 590 |
|
|
|a Prleva, Gana
|b zeleninárka - Bulharka
|
| 600 |
1 |
7 |
|a Prleva, Gana
|2 KEVKJB
|9 1450564
|
| 650 |
0 |
7 |
|a zeleninárstvo
|2 KEVKJB
|9 18424
|
| 650 |
0 |
7 |
|a Bulhari v Košiciach
|2 KEVKJB
|9 1450565
|
| 650 |
0 |
7 |
|a osudy životné
|2 KEVKJB
|9 873216
|
| 650 |
0 |
7 |
|a spomienky
|2 KEVKJB
|9 55795
|
| 651 |
|
7 |
|a Košice (Slovensko)
|2 KEVKJB
|9 18694
|
| 651 |
|
7 |
|a KE,
|2 KEVKJB
|9 877256
|
| 651 |
|
7 |
|a KE,
|2 KEVKJB
|9 877256
|
| 655 |
|
7 |
|a periodikum
|2 snkbucl
|9 29553
|
| 773 |
0 |
8 |
|t Košický večer
|g Roč. 9
|g Roč. 30, 30.4.1998
|
| 773 |
0 |
8 |
|i Príl.:
|t Magazín. - Roč. 3, č.17 (1998), s.1.- Obr.2.
|
| 852 |
|
|
|a ZVYKNI
|b KIS3GCP
|
| 999 |
|
|
|c 2902011
|d 2903941
|